ARRUPE JESUIT UNIVERSITY

CORONAVIRUS -STOP THE SPREAD - CLEAN,DISINFECT,COVER

Trooper Peter Halket of Mashonaland (Record no. 119287)

MARC details
000 -LEADER
fixed length control field 00463nam a22001457a 4500
008 - FIXED-LENGTH DATA ELEMENTS--GENERAL INFORMATION
fixed length control field 131216b xxu||||| |||| 00| 0 eng d
020 ## - INTERNATIONAL STANDARD BOOK NUMBER
International Standard Book Number 0949937088
050 ## - LIBRARY OF CONGRESS CALL NUMBER
Classification number SPC PR9369.2.S37T76
100 ## - MAIN ENTRY--PERSONAL NAME
Personal name Schreiner, Olive
9 (RLIN) 5789
245 ## - TITLE STATEMENT
Title Trooper Peter Halket of Mashonaland
260 ## - PUBLICATION, DISTRIBUTION, ETC. (IMPRINT)
Place of publication, distribution, etc Johannesburg
Name of publisher, distributor, etc Ad. Donker
Date of publication, distribution, etc 2001
300 ## - PHYSICAL DESCRIPTION
Extent 122p.
Dimensions 20cm
650 ## - SUBJECT ADDED ENTRY--TOPICAL TERM
Topical term or geographic name as entry element Zimbabwe - History - Shona revolt. Fiction; Africa, Southern - Fiction
9 (RLIN) 5790
942 ## - ADDED ENTRY ELEMENTS (KOHA)
Source of classification or shelving scheme Library of Congress Classification
Item type Monograph ( Printed materials)
Holdings
Withdrawn status Lost status Source of classification or shelving scheme Damaged status Not for loan Home library Current library Date acquired Total Checkouts Full call number Barcode Date last seen Price effective from Koha item type
    Library of Congress Classification     ARRUPE LIBRARY ARRUPE LIBRARY 16/12/2013   SPC PR9369.2.S37T76 464122659 16/12/2013 16/12/2013 Monograph ( Printed materials)

 

Arrupe Library. PO Box MP320 Mt Pleasant, Harare, Zimbabwe
263 242 745411|librarian@aju.ac.zw